| 000 | 00000nam 2200000za 4500 |
| 001 | 9.833618 |
| 003 | CaOODSP |
| 005 | 20250611103758 |
| 007 | cr ||||||||||| |
| 008 | 170309s2017 oncd #ob f000 0 fre d |
| 020 | |a978-0-660-07904-2 |
| 040 | |aCaOODSP|bfre |
| 043 | |an-cn--- |
| 086 | 1 |aA29-2/19-2017F-PDF |
| 245 | 00|aÉvaluation des programmes constitués par la Loi sur les programmes de commercialisation agricole |h[ressource électronique] : |brapport d'évaluation. |
| 260 | |a[Ottawa] : |bAgriculture et Agroalimentaire Canada, |cc2017. |
| 300 | |a62 p. : |bgraphiques |
| 500 | |aTitre pris sur la couv. |
| 500 | |aPubl. aussi en anglais sous le titre : Evaluation of the programs under the Agricultural Marketing Programs Act : evaluation report. |
| 504 | |aComprend des réf. bibliogr. |
| 520 | |a« Le présent rapport décrit les conclusions qui ressortent de l’évaluation des programmes constitués par la Loi sur les programmes de commercialisation agricole (LPCA). Le Bureau de la vérification et de l’évaluation (BVE) d’AAC a mené l’évaluation dans le cadre du plan quinquennal d’évaluation d’AAC (2014-2015 à 2019-2020). L’évaluation portait sur la pertinence et le rendement des programmes constitués par la LPCA pour la période allant de 2008-2009 à 2014-2015. » -- Résumé, p. 1. |
| 692 | 07|2gccst|aAide à l'agriculture |
| 692 | 07|2gccst|aDéveloppement des marchés |
| 692 | 07|2gccst|aÉvaluation |
| 710 | 1 |aCanada. |bAgriculture et agroalimentaire Canada. |
| 775 | 08|tEvaluation of the programs under the Agricultural Marketing Programs Act |w(CaOODSP)9.833616 |
| 856 | 40|qPDF|s1.45 Mo|uhttps://publications.gc.ca/collections/collection_2017/aac-aafc/A29-2-19-2017-fra.pdf |
| 986 | |aNo. AAC : 12611F |